MARC

LEADER 00000nam0a2200000 4500
001 28226
005 20231030202726.0
035 |a (RuTPU)RU\TPU\book\28482 
035 |a BOOK00028557 
090 |a 28226 
100 |a 20011209d1993 k y0rusy50 ca 
101 0 |a rus 
102 |a RU 
105 |a a z 001zy 
200 1 |a Редкометальность бокситоносной коры выветривания Среднего Тимана  |f В. В. Лихачев 
210 |a Сыктывкар  |c Коми научный центр  |d 1993 
215 |a 222 с.  |c ил. 
320 |a Библиогр.: с. 215-222. 
610 1 |a геология 
610 1 |a бокситовые месторождения 
610 1 |a минералогия 
610 1 |a девонские отложения 
610 1 |a Тиманский кряж 
610 1 |a кора 
610 1 |a выветривание 
610 1 |a редкие металлы 
675 |a 553.492.1  |v 3 
675 |a 551.311.231  |v 3 
700 1 |a Лихачев  |b В. В.  |g Вячеслав Васильевич 
801 0 |a RU  |b 63413507  |c 20011209  |g PSBO 
801 2 |a RU  |b 63413507  |c 20081008  |g PSBO 
942 |c BK